01833nam a22003734a 4500001001200000003000800012006001900020007001500039008004100054010001700095020001500112020001800127040002100145035002100166050002400187082002000211245017400231250001200405260012300417300002200540500026100562504005100823533015200874650005301026650004401079655002901123700002201152700002901174700002201203710007201225710001701297856012601314999001901440ebr10167435CaPaEBRm u cr cn|||||||||060127s2006 nyua sb 101 0 eng  z 2006041594 z1403971013 z9781403971012 aCaPaEBRcCaPaEBR a(OCoLC)18253049114aJV6011b.L36 2006eb04a305.9/0691222200aLetters across bordersh[electronic resource] :bthe epistolary practices of international migrants /cedited by Bruce S. Elliott, David A. Gerber, and Suzanne M. Sinke. a1st ed. aNew York :bPalgrave Macmillan, published in association with the Carleton Centre for the History of Migration,c2006. ax, 315 p. :bill. aIncludes papers presented at the international conference, "Reading the Emigrant Letter: Innovative Approaches and Interpretations," sponsored by the Carleton Centre for the History of Migration and hosted at Carleton University in Ottawa, Canada, in 2003. aIncludes bibliographical references and index. aElectronic reproduction.bPalo Alto, Calif. :cebrary,d2013.nAvailable via World Wide Web.nAccess may be limited to ebrary affiliated libraries. 0aEmigration and immigrationxHistoryvCongresses. 0aImmigrantsxCorrespondencevCongresses. 7aElectronic books.2local1 aElliott, Bruce S.1 aGerber, David A.,d1944-1 aSinke, Suzanne M.2 aCarleton University.bCarleton Centre for the History of Migration.2 aebrary, Inc.40uhttp://site.ebrary.com/lib/rucke/Doc?id=10167435zAn electronic book accessible through the World Wide Web; click to view c136499d136499